[Event "FIDE Chesscom Grand Swiss 2021"]
[Site "Riga"]
[Date "2021.10.30"]
[Round "4.8"]
[White "Fedoseev, Vladimir"]
[Black "Gukesh D"]
[Result "1/2-1/2"]
[WhiteElo "2704"]
[BlackElo "2640"]
[Annotator "TA"]
[PlyCount "71"]
[EventDate "2021.10.27"]
[EventType "swiss"]
[EventCountry "LAT"]
[Tiebreak "Cut1 Buchholz+Sonneborn-Berger (Swiss)"]
[SourceTitle "playchess.com"]
[Source "ChessBase"]
[SourceQuality "1"]

{[%evp 14,71,46,46,41,51,102,38,44,40,38,35,46,48,45,8,28,9,8,10,5,4,7,0,19,19,
56,66,64,62,88,82,57,-51,-55,-55,-52,-150,93,-143,-134,-172,-166,-175,-167,
-177,-39,-100,-51,-95,0,0,0,0,0,0,0,-45,0,0]} 1. e4 e5 2. Nf3 Nc6 3. Bb5 a6 4.
Ba4 Nf6 5. O-O d6 6. Bxc6+ bxc6 7. d4 exd4 8. Nxd4 Bd7 {C79: Ruy Lopez:
Steinitz-type lines with 3...a6 4 Ba4 Nf6 5 0-0 d6.} 9. Qf3 {9.Nc3 is not
played anymore.} Bg4 {[#]} ({Better is} 9... Be7 $14) 10. Qd3 $146 (10. Qg3 $1
$16) ({Predecessor:} 10. Qc3 c5 11. Nb3 Be7 12. Re1 O-O 13. Na3 Qd7 14. Nc4
Rfe8 15. Bd2 Bf8 16. Qd3 {1/2-1/2 (40) Benko,I-Ergle,A Leningrad 1962}) 10...
c5 {White is slightly better.} 11. Nc6 Qd7 12. Na5 Be7 13. Nc3 O-O 14. f4 {
aiming for f5.} d5 15. Nxd5 Nxd5 16. Qxd5 Qxd5 17. exd5 Bf6 18. Be3 Bxb2 19.
Rab1 Bc3 20. Nc6 Be2 21. Bxc5 Bxf1 22. Kxf1 Rfe8 23. Ne7+ (23. Rb7 $14) 23...
Kh8 $15 24. Rb7 Ba5 25. Nc6 {[#]} (25. c4 $15) 25... Re1+ $1 $17 26. Kf2 {[#]}
Rc1 $1 27. Ba7 (27. Ke3 Rxc2) 27... Rxc2+ {[%mdl 64] Double Attack} 28. Kf3
Rxa2 29. Bb8 Kg8 (29... h6 $19 30. h4 Kh7) 30. g4 (30. Bxc7 $15 Be1 31. d6 Rf2+
32. Ke3) 30... Kf8 31. g5 Ke8 (31... h5 $17 32. gxh6 gxh6) 32. d6 $1 $11 cxd6 (
{But not} 32... Rxh2 $2 33. Nxa5 (33. dxc7 Bxc7 34. Bxc7 Rd2 $14) 33... cxd6
34. Bxd6 $18) 33. Bxd6 Bd8 34. Nxd8 Rxd8 35. Re7+ Kf8 36. Rd7+ {Weighted Error
Value: White=0.20/Black=0.20} 1/2-1/2

[Event "FIDE Chesscom Grand Swiss 2021"]
[Site "Riga"]
[Date "2021.10.30"]
[Round "4.9"]
[White "Maghsoodloo, Parham"]
[Black "Tari, Aryan"]
[Result "1/2-1/2"]
[WhiteElo "2701"]
[BlackElo "2646"]
[Annotator "TA"]
[PlyCount "76"]
[EventDate "2021.10.27"]
[EventType "swiss"]
[EventCountry "LAT"]
[Tiebreak "Cut1 Buchholz+Sonneborn-Berger (Swiss)"]
[SourceTitle "playchess.com"]
[Source "ChessBase"]
[SourceQuality "1"]

{[%evp 9,76,4,12,10,19,10,13,9,7,7,31,8,5,0,18,13,0,0,27,8,0,-30,0,-20,0,0,0,0,
0,0,0,0,0,0,0,0,0,-4,-16,-44,0,-194,-182,-180,-164,-156,-102,-213,-175,-186,
-172,-297,-283,-636,-611,-1127,-1048,-828,-828,-828,-828,-809,-793,-29978,
-29979,-29979,-29980,-29986,-29987]} 1. c4 e6 2. g3 d5 3. Bg2 Nf6 4. Nf3 dxc4
5. Qa4+ Bd7 6. Qxc4 {A13: English Opening: 1...e6.} c5 7. Ne5 Qc8 8. Qd3 $1 {
The position is equal. 8.Qd3 scores better than 8.0-0.} Bc6 9. Nxc6 Nxc6 10.
Nc3 Be7 {[#]} 11. Qb5 $146 (11. O-O {is more complex.} O-O 12. b3 Rd8 13. Qb1
Rb8 14. d3) ({Predecessor:} 11. O-O O-O 12. b3 Rd8 13. Qb1 Nd5 14. Nxd5 exd5
15. Bb2 Qe6 16. e3 Bf6 17. Rc1 {1-0 (62) Nepomniachtchi,I (2792)-Aronian,L 
(2781) Paris 2021}) 11... O-O 12. Bxc6 bxc6 13. Qa4 e5 14. d3 Rb8 15. Qc2 Qf5
16. Ne4 Nxe4 17. dxe4 Qh3 18. Bd2 Qg2 {[%cal Rg2h1]} 19. Rf1 Qxh2 20. O-O-O Qh3
21. Qc4 Rfd8 22. Bc3 $1 Qg2 23. Kc2 Bf6 24. b3 h5 25. a4 $2 {[#]} (25. Rc1 $11
{and White stays safe.}) 25... Rxd1 $1 $19 26. Rxd1 Qxf2 27. Rd7 Bg5 (27... Rf8
$142 28. Qd3 c4 29. Qxc4 Qxg3) 28. Qd3 (28. Bxe5 $17 Rb4 29. Qd3) 28... Be3 29.
Bxe5 Re8 $40 {[%mdl 128] White is in trouble.} 30. Bb2 (30. Rd8 $142 Rxd8 31.
Qxd8+ Kh7 32. Qd3) 30... Qxg3 31. Rxa7 $2 (31. Bc1 Bf4 32. Qf3 Qxf3 33. exf3
Bxc1 34. Kxc1) 31... h4 32. Re7 Rxe7 33. Qd8+ Kh7 34. Qxe7 Qg4 {And now ...h3
would win.} 35. Kd3 {[#]} h3 $1 {Hoping for ...h2.} 36. Bxg7 (36. Qxf7 h2)
36... Qxg7 {Black mates.} 37. Qh4+ Qh6 38. Qe7 {[#]} Qh5 $1 {[%mdl 32768]
Weighted Error Value: White=0.60/Black=0.06. An unexpected result.} 1/2-1/2

[Event "FIDE Chesscom Grand Swiss 2021"]
[Site "Riga"]
[Date "2021.10.30"]
[Round "4.10"]
[White "Artemiev, Vladislav"]
[Black "Sasikiran, Krishnan"]
[Result "1/2-1/2"]
[WhiteElo "2699"]
[BlackElo "2640"]
[Annotator "TA"]
[PlyCount "59"]
[EventDate "2021.10.27"]
[EventType "swiss"]
[EventCountry "LAT"]
[Tiebreak "Cut1 Buchholz+Sonneborn-Berger (Swiss)"]
[SourceTitle "playchess.com"]
[Source "ChessBase"]
[SourceQuality "1"]

{[%evp 10,59,0,-1,0,-12,21,29,16,14,8,21,9,0,6,6,22,0,0,0,10,-7,8,0,0,-18,23,
25,17,14,19,8,16,20,25,-10,0,0,0,0,0,-20,-18,-15,-9,-20,-6,-12,0,-25,0,-8]} 1.
c4 e5 2. Nc3 Nf6 3. Nf3 Nc6 4. d3 d5 5. cxd5 Nxd5 6. g3 Bc5 {A28: English
Opening: Four Knights Variation.} 7. Bg2 Nde7 8. O-O O-O {White has an edge.}
9. a3 a5 10. Bd2 {[#]} Be6 $146 ({Predecessor:} 10... Nf5 11. Rc1 Be7 12. Na4
f6 13. Qb3+ Kh8 14. e3 Qe8 15. Ne1 Bd7 16. Nc5 {1/2-1/2 (16) Kohlweyer,B (2419)
-Vedder,R (2229) Vlissingen 2006}) 11. Ne4 Bb6 12. b4 f6 13. Qc2 Nf5 14. e3 Qd7
15. Rfc1 Rfd8 16. Bf1 Nd6 17. Be1 Nf5 (17... Nxe4 {with more complications.}
18. dxe4 Qf7 19. b5 Na7 20. Nd2 Nc8) 18. Nc5 Bxc5 19. Qxc5 axb4 20. axb4 Rxa1
21. Rxa1 Nce7 22. Rc1 c6 23. Qa5 Nd6 24. Nd2 Nd5 25. Qa3 Nb5 26. Qb2 Bh3 27.
Be2 Bg4 28. Bf1 Bh3 29. Be2 Bg4 30. Bf1 {Not much happened in this game. 
Weighted Error Value: White=0.06/Black=0.07} 1/2-1/2

[Event "FIDE Chesscom Grand Swiss 2021"]
[Site "Riga"]
[Date "2021.10.30"]
[Round "4.11"]
[White "Deac, Bogdan-Daniel"]
[Black "Navara, David"]
[Result "1/2-1/2"]
[WhiteElo "2643"]
[BlackElo "2691"]
[Annotator "TA"]
[PlyCount "86"]
[EventDate "2021.10.27"]
[EventType "swiss"]
[EventCountry "LAT"]
[Tiebreak "Cut1 Buchholz+Sonneborn-Berger (Swiss)"]
[SourceTitle "playchess.com"]
[Source "ChessBase"]
[SourceQuality "1"]

{[%evp 18,86,13,11,13,13,13,22,13,8,6,6,9,8,11,0,0,0,25,16,54,-19,0,-6,0,-20,
-16,-8,0,0,0,-30,0,-7,-22,-53,-43,-34,-38,-42,-40,-41,-39,-29,-18,-15,-21,-27,
-15,-11,-39,-11,-12,-12,0,0,0,0,0,0,0,0,0,0,0,0,0,0,0,0,0]} 1. e4 e5 2. Nf3 Nc6
3. Bb5 Nf6 4. O-O Nxe4 5. Re1 Nd6 6. Nxe5 Be7 7. Bf1 Nxe5 8. Rxe5 O-O 9. d4 Bf6
10. Re1 Re8 {C67: Ruy Lopez: Berlin Defence: 4 0-0 Nxe4.} 11. Bf4 Rxe1 12. Qxe1
Ne8 13. Qc3 d5 14. Nd2 Bf5 15. Re1 c6 {[#]} 16. Nb3 $146 ({Predecessor:} 16.
Bd3 Bxd3 17. Qxd3 Nc7 18. Nf3 Ne6 19. Be5 Be7 20. c3 Qb6 21. Re2 Re8 22. h4 {
1/2-1/2 (30) Tari,A (2642)-Karjakin,S (2758) Stavanger 2021}) 16... Nc7 17. Be5
Ne6 18. Na5 Qe7 19. b4 ({Better is} 19. Bxf6 $1 $14 gxf6 20. Qg3+ Kh8 21. c3)
19... Be4 20. Nb3 {[%cal Ba5b3,Bb3c1,Bc1e2,Be2g3,Bg3h5,Bh5f6][%mdl 32]} Rd8 21.
a3 Bxe5 22. dxe5 d4 23. Qd2 Bd5 24. Nc1 c5 25. f4 g6 26. Ne2 b6 27. f5 gxf5 28.
Ng3 $1 f4 29. Nh5 Qg5 30. Nf6+ Kg7 31. Qf2 Kh8 32. Bd3 h6 33. bxc5 bxc5 34.
Nxd5 Rxd5 {The position is equal.} 35. Qe2 {[%cal Re2e4] And now Qe4 would win.
} f3 (35... Nf8 {is more complex.} 36. Qe4 Rd8 37. Qb7 Kg8 38. Kh1 Re8) 36.
Qxf3 $40 {[%mdl 192] [#] Double Attack. White has some attack.} Rxe5 37. Rxe5
Qxe5 38. Qxf7 {[%csl Gd3][%cal Rf7h7]} Qe3+ 39. Kf1 {[%csl Gd3][%cal Rf7h7]}
Qc1+ 40. Kf2 {[%csl Gd3][%cal Rf7h7] [#]} Qe3+ 41. Kf1 {[%csl Gd3][%cal Rf7h7]}
Qc1+ 42. Kf2 {[%csl Gd3][%cal Rf7h7]} Qe3+ 43. Kf1 {[%csl Gd3][%cal Rf7h7]}
Qc1+ {Weighted Error Value: White=0.08/Black=0.06} 1/2-1/2

[Event "FIDE Chesscom Grand Swiss 2021"]
[Site "Riga"]
[Date "2021.10.30"]
[Round "4.12"]
[White "Chigaev, Maksim"]
[Black "Wojtaszek, Radoslaw"]
[Result "1/2-1/2"]
[WhiteElo "2639"]
[BlackElo "2691"]
[Annotator "TA"]
[PlyCount "86"]
[EventDate "2021.10.27"]
[EventType "swiss"]
[EventCountry "LAT"]
[Tiebreak "Cut1 Buchholz+Sonneborn-Berger (Swiss)"]
[SourceTitle "playchess.com"]
[Source "ChessBase"]
[SourceQuality "1"]

{[%evp 13,86,20,24,10,27,27,25,0,7,7,13,0,0,0,2,-12,42,0,-6,0,0,-26,-21,-18,
-13,-55,-52,-45,-45,-50,-47,-73,-60,-63,-59,-71,-63,-71,-70,-101,-31,-39,-48,
-39,-48,-76,-76,-73,-73,-102,-77,-80,-79,-85,-54,-68,-86,-145,-141,-140,-147,
-256,-40,-40,0,-214,0,-40,-40,-40,-40,-40,-35,-46,-14]} 1. e4 e5 2. Nf3 Nc6 3.
Bb5 a6 4. Ba4 Nf6 5. d3 b5 6. Bb3 Bc5 7. c3 $1 {[%mdl 4] is recently more
successful than 7.0-0.} d6 8. Bg5 {C77: Ruy Lopez: 3...a6 4 Ba4 Nf6, unusual
lines.} h6 9. Bh4 Rb8 {[#]} 10. a3 $146 {White has an edge.} ({Predecessor:} 
10. Nbd2 Bb6 11. Nf1 g5 12. Bg3 Be6 13. Ne3 O-O 14. h4 g4 15. Nh2 h5 16. Nd5
Bxd5 17. exd5 {0-1 (36) Matinian,N (2701)-Kovalev,V (2894) Chess.com INT 2020})
10... Bb6 11. Nbd2 Be6 12. Bc2 g5 13. Bg3 Qe7 $36 {[%mdl 2048] Black is more
active.} 14. h3 Nh7 (14... Kf8 $11) 15. Nh2 Nf8 16. Qh5 Qf6 17. Nhf1 Ng6 18.
Ne3 Nce7 19. Bb3 Bxb3 20. Nxb3 Nf4 21. Bxf4 gxf4 22. Nd5 Nxd5 23. exd5 Rg8 24.
Qf3 Qh4 25. Ke2 Ke7 26. Rag1 f5 (26... Rg6 $17 27. d4 Rbg8) 27. g3 fxg3 28.
Rxg3 Rg5 29. Nd2 Rf8 {[#] aiming for ...e4!} 30. Rxg5 hxg5 31. Qg2 Qh5+ 32. Ke1
Rh8 33. Rg1 Rg8 34. Nf1 g4 35. hxg4 ({White should play} 35. Ng3 gxh3 36. Qh2)
35... Rxg4 $17 ({Not} 35... Qxg4 36. Qxg4 fxg4 37. Nh2 $14) 36. Ng3 Qg5 37. Ke2
(37. Kd1 $17 {only move.} Kd8 38. Rh1) 37... Rf4 $2 {[#]} (37... Kd8 $19 {
And now ...f4 would win.} 38. Qh2 Rh4) 38. Nh1 $1 $15 Rg4 (38... Qh5+ $15 39.
Kd2 Rg4) 39. Ng3 $19 Rf4 $2 (39... Kd8 $19 {Threatens to win with ...f4.} 40.
Qh2 Rh4) 40. Nh1 $1 $15 Qxg2 {Black is slightly better.} 41. Rxg2 Rh4 42. Ng3 {
[%cal Rg3f5]} Kf6 43. Nf1 Rh8 {Weighted Error Value: White=0.13/Black=0.30}
1/2-1/2

[Event "FIDE Chesscom Grand Swiss 2021"]
[Site "Riga"]
[Date "2021.10.30"]
[Round "4.13"]
[White "Korobov, Anton"]
[Black "Moussard, Jules"]
[Result "1/2-1/2"]
[WhiteElo "2690"]
[BlackElo "2632"]
[Annotator "TA"]
[PlyCount "68"]
[EventDate "2021.10.27"]
[EventType "swiss"]
[EventCountry "LAT"]
[Tiebreak "Cut1 Buchholz+Sonneborn-Berger (Swiss)"]
[SourceTitle "playchess.com"]
[Source "ChessBase"]
[SourceQuality "1"]

{[%evp 19,68,30,27,20,45,35,56,45,76,67,68,66,90,59,46,48,70,81,86,48,63,59,43,
39,43,50,45,48,59,57,45,0,25,0,22,-33,-33,-33,-33,-33,-26,-33,-26,-26,-26,-48,
0,-41,-26,-50,-26]} 1. c4 e6 2. Nf3 Nf6 3. g3 d5 4. Bg2 Be7 5. O-O O-O 6. d4 a5
7. Nbd2 c6 8. Qc2 b6 9. e4 Ba6 10. b3 Nbd7 11. Bb2 {E09: Closed Catalan: Main
Line: 7 Qc2 c6 8 Nbd2.} Rc8 {[#]} 12. Rad1 $146 ({Predecessor:} 12. Rfe1 h6 13.
Rad1 Bb4 14. a3 Be7 15. Ne5 Nxe5 16. dxe5 Nd7 17. cxd5 cxd5 18. Qb1 d4 {
1/2-1/2 (43) Kozionov,K (2454)-Shaposhnikov,E (2570) Ekaterinburg 2019}) 12...
a4 13. Rfe1 {White is slightly better.} h6 14. bxa4 Qc7 15. e5 Ne8 16. a5 dxc4
17. Nxc4 bxa5 18. Nfd2 Nb6 19. Rc1 Nd5 20. Ne4 Rb8 {[#] White must now prevent
...Bxc4.} 21. Ba1 Qd8 22. Red1 Bb5 23. h4 a4 24. Nc5 Nec7 25. Bf1 Na6 26. Ne4
a3 27. h5 ({Better is} 27. Ned6 $11) 27... Nb6 $15 28. Nxb6 {[#] And now Nc4
would win.} Bxf1 29. Kxf1 {Hoping for Nc4.} Nb4 30. Qe2 {aiming for Nc4.} Qxb6
31. Bc3 Nd5 32. Be1 Qb5 33. Rd3 Qa6 34. Rd2 Qa4 {Weighted Error Value: White=0.
15/Black=0.09} 1/2-1/2

[Event "FIDE Chesscom Grand Swiss 2021"]
[Site "Riga"]
[Date "2021.10.30"]
[Round "4.14"]
[White "Dreev, Aleksey"]
[Black "Kryvoruchko, Yuriy"]
[Result "1/2-1/2"]
[WhiteElo "2635"]
[BlackElo "2686"]
[Annotator "TA"]
[PlyCount "61"]
[EventDate "2021.10.27"]
[EventType "swiss"]
[EventCountry "LAT"]
[Tiebreak "Cut1 Buchholz+Sonneborn-Berger (Swiss)"]
[SourceTitle "playchess.com"]
[Source "ChessBase"]
[SourceQuality "1"]

{[%evp 14,61,8,0,12,2,0,0,1,0,0,0,8,8,8,8,8,0,0,0,0,0,0,0,0,0,0,0,0,0,0,0,0,0,
0,0,0,0,0,0,0,0,0,0,0,0,0,0,0,-194]} 1. d4 Nf6 2. c4 e6 3. Nc3 Bb4 4. Qc2 O-O
5. a3 Bxc3+ 6. Qxc3 b6 {6...d5 is the modern continuation.} 7. Bg5 Bb7 8. e3 {
The position is equal.} d6 {E32: Nimzo-Indian: Classical (4 Qc2): 4...0-0.} 9.
Ne2 Nbd7 10. Qd3 Ba6 11. Nc3 d5 12. Qd1 Bxc4 13. Bxc4 dxc4 14. Qa4 h6 15. Bh4
c5 16. Qxc4 cxd4 17. Qxd4 g5 18. Bg3 Nc5 19. Qxd8 Rfxd8 20. Ke2 Nfe4 21. Nxe4
Nxe4 {[#]} 22. Rhd1 $146 ({Predecessor:} 22. f3 Rd2+ 23. Ke1 Nxg3 24. Kxd2 Rd8+
25. Kc2 Nxh1 26. Rxh1 Kg7 27. Rd1 {1/2-1/2 (27) Bendana Guerrero,G (2462)-Joao,
N (2578) ICCF email 2008}) 22... Rac8 23. Rxd8+ Rxd8 24. f3 Nxg3+ 25. hxg3 $11
{[%mdl 4096] Endgame KR-KR} Rc8 {With the idea ...Rc2+.} 26. Kd3 Rd8+ 27. Ke2
Rc8 {Black wants to play ...Rc2+.} 28. Kd3 Rd8+ 29. Ke2 Rc8 {next ...Rc2+ is
good for Black.} 30. Kd3 Rd8+ 31. Ke4 $2 {Weighted Error Value: White=0.01/
Black=0.01} (31. Ke2 $11 {and White is okay.}) 1/2-1/2

[Event "FIDE Chesscom Grand Swiss 2021"]
[Site "Riga"]
[Date "2021.10.30"]
[Round "4.15"]
[White "Predke, Alexandr"]
[Black "Ponomariov, Ruslan"]
[Result "1/2-1/2"]
[WhiteElo "2666"]
[BlackElo "2631"]
[Annotator "TA"]
[PlyCount "60"]
[EventDate "2021.10.27"]
[EventType "swiss"]
[EventCountry "LAT"]
[Tiebreak "Cut1 Buchholz+Sonneborn-Berger (Swiss)"]
[SourceTitle "playchess.com"]
[Source "ChessBase"]
[SourceQuality "1"]

{[%evp 9,60,16,16,9,16,14,13,15,12,9,19,10,32,0,39,14,38,8,11,11,16,-28,-4,-8,
-4,-4,-4,-4,-6,-5,0,0,0,-10,-10,-10,-10,-10,-10,-8,-9,-6,0,0,0,0,0,-2,0,0,0,0,
0]} 1. c4 c6 2. d4 d5 3. Nf3 Nf6 4. Qc2 g6 5. e3 Bg7 6. Be2 {D11: Slav Defence:
3 Nf3 sidelines and 3...Nf6 4 e3 Bg4.} O-O 7. O-O {[#]} c5 $146 ({Predecessor:
} 7... Bf5 8. Qb3 Qb6 9. Nc3 Nbd7 10. h3 h6 11. cxd5 Qxb3 12. axb3 Nxd5 13. Bd2
N5b6 {1/2-1/2 (40) Predke,A (2666)-Motylev,A (2624) Ufa 2021}) 8. cxd5 cxd4 9.
Nxd4 Nxd5 10. Rd1 Qb6 11. Qc4 Nf6 12. Nc3 Bd7 13. Na4 (13. e4 $5 {[%cal Re4e5]}
) 13... Qa6 14. Qxa6 Nxa6 15. Nb5 Rfc8 16. Bd2 {The position is equal.} Ne4 17.
Be1 Nac5 18. Nxc5 Nxc5 19. Nc3 Bc6 20. Rac1 Ne4 21. Bd3 Nxc3 22. Bxc3 Ba4 23.
b3 $1 {[#]} Bxb3 $1 24. axb3 {Bb4 is the strong threat.} Bxc3 25. Be4 Rc7 (
25... Rab8 {looks sharper.} 26. Rd7 Bb4 27. Rxc8+ Rxc8 28. g4 a5) 26. Bxb7 Rxb7
27. Rxc3 Rab8 28. g3 Rxb3 29. Rxb3 Rxb3 30. Rd7 e6 {A rather calm draw. 
Weighted Error Value: White=0.05/Black=0.04} 1/2-1/2

[Event "FIDE Chesscom Grand Swiss 2021"]
[Site "Riga"]
[Date "2021.10.30"]
[Round "4.16"]
[White "Keymer, Vincent"]
[Black "Sargissian, Gabriel"]
[Result "1/2-1/2"]
[WhiteElo "2630"]
[BlackElo "2664"]
[Annotator "TA"]
[PlyCount "115"]
[EventDate "2021.10.27"]
[EventType "swiss"]
[EventCountry "LAT"]
[Tiebreak "Cut1 Buchholz+Sonneborn-Berger (Swiss)"]
[SourceTitle "playchess.com"]
[Source "ChessBase"]
[SourceQuality "1"]

{[%evp 12,115,16,14,12,14,14,22,34,25,28,22,14,0,0,16,7,-8,0,-14,0,0,26,26,17,
20,11,13,28,8,16,12,13,7,19,14,28,20,54,52,84,84,113,74,74,74,74,74,74,74,77,
76,87,87,87,87,86,85,102,77,93,73,75,62,62,57,57,57,57,57,57,57,57,57,62,46,77,
54,54,31,31,31,35,27,27,17,25,8,8,8,72,72,72,72,72,47,150,143,143,118,118,118,
118,118,136,103]} 1. d4 {Gelfand,Boris} Nf6 2. c4 e6 3. Nf3 d5 4. Nc3 Bb4 5.
Qa4+ Nc6 6. e3 O-O 7. Bd2 dxc4 {D38: Queen's Gambit Declined: Ragozin Defence 
(4 Nf3 Bb4).} 8. Bxc4 Bd6 9. Qc2 e5 {The position is equal.} 10. dxe5 Nxe5 11.
Nxe5 Bxe5 12. O-O b6 13. f4 {[#]} Bd6 $146 ({Predecessor:} 13... Bxc3 14. Bxc3
Bb7 15. Bd3 Re8 16. Rae1 Be4 17. Bxe4 Nxe4 18. Be5 Nd6 19. e4 Qe7 {1-0 (62)
Gelfand,B (2676)-Leko,P (2663) chess24.com INT 2020 CBM 197 [Gelfand,Boris]})
14. Rae1 Bb7 15. h3 Bc5 16. Kh2 Ne4 17. Nxe4 Bxe4 18. Qxe4 Qxd2 19. Re2 $40 {
[%mdl 128] Black needs to defend precisely.} Qd7 20. Qf3 Kh8 21. e4 f6 22. h4
Bd4 23. g3 g6 24. Kg2 h5 25. f5 Qg7 26. e5 Bxe5 27. Bd3 (27. Re3 {with more
complications.} gxf5 28. Qxh5+ Qh7 29. Qe2 Qg6 30. Bd3) 27... gxf5 28. Qxh5+
Qh7 29. Rxf5 Qxh5 30. Rxh5+ Kg8 31. Re4 {[#] And now Bc4+ would win.} Kf7 32.
Rh7+ Ke6 33. Rxc7 Rad8 34. Rc3 Kf7 35. Bc4+ Kg7 36. Rc2 Rd6 37. Be2 Rfd8 38.
Kf3 Rd2 39. Rec4 f5 40. b3 Rxc2 41. Rxc2 $14 {[%mdl 4096] Endgame KRB-KRB} Rd4
42. Kf2 Rd5 43. h5 Rc5 44. Rd2 Rc3 45. Rd7+ Kh6 46. Rxa7 Bxg3+ 47. Kg2 Be5 48.
Re7 Bd4 49. Re6+ Kg5 50. h6 Re3 (50... Rc2 $11) 51. Rxe3 $16 Bxe3 {KB-KB} 52.
h7 Bd4 53. Bd3 Kh6 (53... Kg6 $14) 54. Bxf5 Kg7 55. Kf3 b5 56. Ke4 Bc5 57. Kd5
Ba3 58. b4 {Weighted Error Value: White=0.07/Black=0.10} 1/2-1/2

[Event "FIDE Chesscom Grand Swiss 2021"]
[Site "Riga"]
[Date "2021.10.30"]
[Round "4.17"]
[White "Shirov, Alexei"]
[Black "Neiksans, Arturs"]
[Result "1-0"]
[WhiteElo "2659"]
[BlackElo "2570"]
[Annotator "TA"]
[PlyCount "101"]
[EventDate "2021.10.27"]
[EventType "swiss"]
[EventCountry "LAT"]
[Tiebreak "Cut1 Buchholz+Sonneborn-Berger (Swiss)"]
[SourceTitle "playchess.com"]
[Source "ChessBase"]
[SourceQuality "1"]

{[%evp 15,101,12,16,10,20,20,16,0,0,5,20,10,44,21,29,30,22,0,7,0,0,0,0,0,0,0,0,
0,0,0,46,37,42,43,65,70,65,63,58,0,0,0,108,103,163,95,237,224,295,295,295,254,
266,262,329,333,306,284,310,298,281,341,351,341,336,336,341,332,323,338,314,
332,308,319,436,428,420,406,797,773,661,707,978,1002,1004,956,691,691]} 1. e4
e5 2. Nf3 Nc6 3. Bb5 a6 4. Ba4 Nf6 5. O-O Be7 6. d3 b5 7. Bb3 d6 8. a4 b4 9.
Nbd2 {C84: Closed Ruy Lopez: Unusual White 6th moves.} O-O 10. Nc4 Rb8 11. c3 {
The position is equal.} bxc3 12. bxc3 h6 {[#]} 13. Ne3 $146 ({Predecessor:} 13.
Ba2 Be6 14. Re1 Re8 15. h3 Bf8 16. Bd2 Qc8 17. Qc2 Ne7 18. d4 Ng6 19. Kh2 exd4
20. Nxd4 {1-0 (51) McShane,L (2687)-Brunello,S (2562) Reykjavik 2015}) 13...
Re8 14. Qc2 Na5 15. Ba2 Bf8 16. Bd2 c6 17. Rab1 Rxb1 18. Rxb1 d5 19. exd5 cxd5
20. d4 Nc6 21. Qb3 {[%cal Re3d5]} e4 22. Ne1 {[%cal Re3d5]} Be6 23. Qb7 Qa8 24.
N1c2 Na5 25. Qxa8 Rxa8 26. Rb6 Nd7 27. Rxe6 fxe6 $11 28. Nxd5 Ra7 (28... Rb8
$11 29. Nc7 Rb2 30. Bxe6+ {[%mdl 64] Double Attack} Kh8 31. Bxd7 Rxc2) 29. Nf4
$16 Nb6 {[#]} (29... Kh8 $16 {was called for.}) 30. Nxe6 (30. Ne3 $1 $18) 30...
Be7 {[#] Loses the game.} (30... Nbc4 $16) 31. Ne3 $1 $18 {Hoping for c4.} Kh8
32. c4 Nc6 33. a5 Nd7 34. c5 {[%cal Bc4c5,Bc5c6][%mdl 32]} Nf8 35. Nxf8 Bxf8
36. Bc3 Rb7 37. d5 Nxa5 38. c6 {[%mdl 64] Zwischenzug} Rb5 39. c7 Rc5 40. Bxa5
Rc1+ 41. Nf1 Bd6 42. g4 Bxc7 43. Bxc7 Rxc7 44. Ne3 Rc1+ 45. Kg2 Kg8 46. Bc4 Ra1
(46... Kf7 $142 47. Bxa6 Kf6) 47. d6+ {White is clearly winning.} Kf8 48. Be6
a5 49. d7 {[%cal Rd7d8]} Ke7 50. Nf5+ Kd8 51. Nd6 {Weighted Error Value:
White=0.08/Black=0.27} 1-0

[Event "FIDE Chesscom Grand Swiss 2021"]
[Site "Riga"]
[Date "2021.10.30"]
[Round "4.18"]
[White "Petrosyan, Manuel"]
[Black "Anton Guijarro, David"]
[Result "1-0"]
[WhiteElo "2605"]
[BlackElo "2658"]
[Annotator "TA"]
[PlyCount "89"]
[EventDate "2021.10.27"]
[EventType "swiss"]
[EventCountry "LAT"]
[Tiebreak "Cut1 Buchholz+Sonneborn-Berger (Swiss)"]
[SourceTitle "playchess.com"]
[Source "ChessBase"]
[SourceQuality "1"]

{[%evp 9,89,10,10,2,0,5,10,4,19,14,19,14,23,8,71,8,25,19,14,-23,-37,-38,-45,
-41,-26,-66,0,0,0,0,634,664,646,648,687,684,665,645,627,617,617,447,522,529,
517,502,486,441,492,365,729,458,700,725,719,712,717,702,687,654,644,605,1016,
1001,994,954,881,0,844,0,829,783,760,760,29989,29990,29990,29991,29991,29992,
29992,29993]} 1. Nf3 d5 2. e3 Nf6 3. c4 e6 4. b3 Bd6 5. Bb2 O-O 6. Nc3 {
A13: English Opening: 1...e6.} Re8 7. Rc1 $5 {[%mdl 4] Exploring less charted
territory.} a6 {[#]} 8. g3 $146 {The position is equal.} ({Predecessor:} 8. d4
b6 9. g3 Bb7 10. cxd5 Nxd5 11. Nxd5 Bxd5 12. Bg2 Bb4+ 13. Bc3 Ba3 14. Ra1 {
0-1 (30) Olivier,P (2215)-Anton Guijarro,D (2651) Struga 2021}) 8... c5 9. Bg2
Nc6 10. cxd5 exd5 11. O-O b5 {[#]} (11... Bg4 $11 {keeps the balance.}) 12. a3
(12. Ng5 $1 $16 Bg4 13. Qc2) 12... Bb7 13. Ne2 Rc8 14. Nf4 d4 15. b4 cxb4 16.
axb4 dxe3 17. fxe3 {Strongly threatening Ng5.} Nxb4 (17... Bxf4 $15 18. gxf4
Nxb4 19. Rxc8 Qxc8) 18. Rxc8 $1 $11 Bxc8 19. Ng5 $1 {Nh5 is the strong threat.}
Qe7 $2 {[%mdl 8192] Black is now going downhill.} (19... Bxf4 $11 20. Rxf4 Nbd5
) 20. Nh5 $18 {[%cal Rb2f6]} Be5 {[#]} 21. Qb1 {Nxf6+ would kill now.} Bxb2 (
21... Ne4 22. Nxe4) 22. Nxf6+ Qxf6 23. Rxf6 Bxf6 24. Qxh7+ ({Weaker is} 24.
Qxb4 Bxg5 25. Bc6 Rd8 $16) 24... Kf8 25. Qh5 {[%csl Gg5][%cal Rh5f7]} Be6 26.
Nh7+ Kg8 27. Nxf6+ gxf6 28. Be4 Kg7 29. h4 Rd8 $2 (29... Rh8 30. Qc5 Na2) 30.
Qh7+ Kf8 31. h5 Ke7 32. h6 a5 33. Bf5 Bd5 34. e4 Bc4 35. Qg7 Rxd2 {Now ...Rd1+
and Black clings on.} 36. h7 Rd1+ 37. Kh2 Rd2+ 38. Kg1 Rd1+ 39. Kh2 Rd2+ 40.
Kh3 Bf1+ 41. Kg4 Nd3 42. h8=Q {[%csl Gh8][%cal Rg7f6] White mates.} Ne5+ 43.
Kf4 {[%csl Gh8][%cal Rg7f6]} Rf2+ 44. Ke3 {[%csl Gh8][%cal Rg7f6]} Re2+ 45. Kd4
{[%csl Gh8][%cal Rg7f6] Weighted Error Value: White=0.44/Black=0.56} 1-0